000 01224cam a22003134a 4500
001 11871111
003 ARRUPE
005 20170111153456.0
008 991217s2000 inu b 001 0 eng
010 _a 99086826
020 _a0268010390 (alk. paper)
020 _a0268010404 (pbk. : alk. paper)
040 _aDLC
_cDLC
_dDLC
042 _apcc
050 0 0 _aHF5387
_b.G58 2000
082 0 0 _a174/.4
_221
245 0 0 _aGlobal codes of conduct :
_ban idea whose time has come /
_cedited by Oliver F. Williams.
260 _aNotre Dame, Ind. :
_bUniversity of Notre Dame Press,
_cc2000.
300 _axix, 407 p. ;
_c23 cm.
440 4 _aThe John W. Houck Notre Dame series in business ethics
_928242
504 _aIncludes bibliographical references and index.
650 0 _aBusiness ethics.
_912111
650 0 _aInternational business enterprises.
_928255
650 0 _aIndustrial policy.
_912957
700 1 _aWilliams, Oliver F.
_928245
906 _a7
_bcbc
_corignew
_d1
_eocip
_f19
_gy-gencatlg
942 _2lcc
_cMONOGRAPH
999 _c125950
_d125950